| 000 | 02392nam0a2200373 4500 | ||
|---|---|---|---|
| 001 | RU\NLR\bibl\448020 | ||
| 005 | 20260407091538.0 | ||
| 021 |
_aRU _b2003-43447 _92068 |
||
| 035 | _a(NLR Aleph) 000441673 | ||
| 090 |
_a818063 _c818063 |
||
| 100 | _a20031016d2003 |||y0rusy50 ca | ||
| 101 | 0 | _arus | |
| 102 | _aRU | ||
| 105 | _aa ||||||||| | ||
| 200 | 1 |
_aОсновы государства и права _eУчеб. пособие _f[Зуев Николай Иванович - к.ю.н., Несвит Виктория Викторовна - к.ю.н., Попова Светлана Ивановна - к.ю.н. и др. _gПод ред. к.ю.н. Н.И. Зуева и др.] _gГос. образоват. учреждение высш. проф. образования Моск. гос. юрид. акад. Магад. фил. |
|
| 210 |
_aМагадан _cМФ МГЮА _cСев. междунар. ун-т _d2003 |
||
| 215 |
_a203, [1] с. _cсхем. _d20 |
||
| 606 | 0 |
_aПраво _jРуководства, пособия и т.п. _yРоссийская Федерация _92070216 _3RU\NLR\auth\661244932 |
|
| 606 | 0 |
_aПраво _jУчебные издания для поступающих в высшие учебные заведения _yРоссийская Федерация _92070216 _3RU\NLR\auth\661244932 |
|
| 606 | 0 |
_aГосударство _jРуководства, пособия и т.п. _yРоссийская Федерация _92070217 _3RU\NLR\auth\661244933 |
|
| 606 | 0 |
_aГосударство _jУчебные издания для поступающих в высшие учебные заведения _yРоссийская Федерация _92070217 _3RU\NLR\auth\661244933 |
|
| 686 | _aХ0я72 | ||
| 686 | _aХ62я72 | ||
| 701 | 1 |
_aЗуев _bН. И. _gНиколай Иванович _4070 |
|
| 701 | 1 |
_aНесвит _bВ. В. _gВиктория Викторовна _4070 |
|
| 701 | 1 |
_4070 _8rus _7ca _aПопова _bС. И. _cканд. юрид. наук _gСветлана Ивановна _3RU\NLR\auth\7731357 _914367 |
|
| 712 | 0 | 2 |
_4475 _aМосковская государственная юридическая академия _bМагаданский филиал _3RU\NLR\AUTH\8810049194 _9598442 |
| 801 | 0 |
_aRU _bNLR _c20031016 _gPSBO |
|
| 801 | 1 |
_aRU _bNLR _c20031016 |
|
| 942 | _cBOOK | ||
| 980 | _aNB | ||
| 980 | _aNBR | ||